000
00197 a2200097 4500
020
_a
9780935526844
041
_a
eng
100
_a
Kent, Alexander
245
_a
For my country's freedom
942
_c
BK
999
_c
29935
_d
29933